[Event "Moehnesee Cup 36th"]
[Site "Moehnesee"]
[Date "2010.08.29"]
[Round "6"]
[White "Georgi, Philip"]
[Black "Budelsky, Dietmar"]
[Result "1/2-1/2"]
[WhiteElo "1758"]
[BlackElo "2015"]
[PlyCount "47"]
[EventDate "2010.08.26"]
[EventType "swiss"]
[EventRounds "7"]
[EventCountry "GER"]
[SourceTitle "EXT 2011"]
[Source "ChessBase"]
[SourceDate "2010.11.26"]
[SourceVersion "1"]
[SourceVersionDate "2010.11.26"]
[SourceQuality "1"]

1. d4 d5 2. c4 e6 3. Nc3 Nf6 4. Nf3 Nbd7 5. e3 c6 6. Bd2 Bd6 7. Qc2 0-0 8. Bd3 Re8 9. cxd5 exd5 10. 0-0-0 Nf8 11. h3 Qe7 12. Kb1 Bd7 13. Rde1 Ne4 14. Bc1 a5 15. Rhf1 b5 16. Nd2 Nxd2+ 17. Bxd2 Bb4 18. e4 dxe4 19. Rxe4 Qf6 20. Rf4 Qd8 21. Bf5 Ng6 22. Rg4 Qc8 23. Bxd7 Qxd7 24. f4 1/2-1/2

[Event "Lippe Cup 05th"]
[Site "Lieme"]
[Date "2008.09.26"]
[Round "1"]
[White "Georgi, Philip"]
[Black "Valledor Pereira, Dominik Damian"]
[Result "1-0"]
[WhiteElo "1759"]
[BlackElo "1495"]
[PlyCount "63"]
[EventDate "2008.09.26"]
[EventType "swiss"]
[EventRounds "5"]
[EventCountry "GER"]
[SourceTitle "EXT 2012"]
[Source "ChessBase"]
[SourceDate "2011.11.24"]
[SourceVersion "1"]
[SourceVersionDate "2011.11.24"]
[SourceQuality "1"]

1. d4 Nf6 2. c4 e6 3. Nc3 d5 4. Nf3 h6 5. e3 c5 6. cxd5 exd5 7. Be2 Nc6 8. 0-0 Be6 9. b3 Be7 10. Bb2 0-0 11. Rc1 cxd4 12. Nxd4 Nxd4 13. Qxd4 a6 14. Na4 Qd6 15. Nc5 Qb6 16. Bf3 Qa5 17. Qa4 Qxa4 18. Nxa4 b5 19. Nc5 Rfc8 20. Nd3 a5 21. Nf4 a4 22. Bxf6 Bxf6 23. Bxd5 Bxd5 24. Nxd5 Rxc1 25. Nxf6+ gxf6 26. Rxc1 axb3 27. axb3 Ra3 28. Rb1 Kf8 29. Kf1 Ra2 30. Ke1 b4 31. Rd1 Rb2 32. Rd3 1-0

[Event "GER-chT U16"]
[Site "Uelzen"]
[Date "2007.12.29"]
[Round "6.3"]
[White "Olyschlaeger, Richard"]
[Black "Georgi, Philip"]
[Result "0-1"]
[WhiteElo "1884"]
[BlackElo "1762"]
[PlyCount "96"]
[EventDate "2007.12.27"]
[EventType "team-swiss"]
[EventRounds "7"]
[EventCountry "GER"]
[SourceTitle "EXT 2022"]
[Source "ChessBase"]
[SourceDate "2021.10.06"]
[SourceVersion "1"]
[SourceVersionDate "2021.10.06"]
[SourceQuality "1"]
[WhiteTeam "Brackweda U16"]
[BlackTeam "Paderborn U16"]
[WhiteTeamCountry "GER"]
[BlackTeamCountry "GER"]

1. e4 e6 2. d3 d5 3. Nd2 Bc5 4. Ngf3 Nc6 5. c3 Bb6 6. d4 dxe4 7. Nxe4 Nge7 8. Bd3 0-0 9. Bc2 f5 10. Ng3 Ng6 11. h4 Nce7 12. h5 Nh8 13. h6 g6 14. Qe2 Qe8 15. c4 Nc6 16. c5 Ba5+ 17. Kf1 Nb4 18. a3 Nxc2 19. Qxc2 c6 20. b4 Bc7 21. Bb2 Bd8 22. Ne5 Bf6 23. Re1 a5 24. Ne2 Bxe5 25. dxe5 Qe7 26. f4 axb4 27. axb4 Rd8 28. Nd4 Nf7 29. Nb3 Qf8 30. Na5 Nxh6 31. Nc4 Ng4 32. Nd6 h5 33. Rh3 Qe7 34. Rd1 Qc7 35. Bd4 Bd7 36. Bg1 Ra6 37. Rhd3 Rda8 38. Nb5 cxb5 39. Rxd7 Qc6 40. Qd3 Ra1 41. Rd6 Qe8 42. Rxa1 Rxa1+ 43. Ke2 Ra2+ 44. Kf3 Kg7 45. c6 bxc6 46. Bb6 c5 47. bxc5 Qa8+ 48. c6 Ra3 0-1

[Event "Moehnesee Cup-B"]
[Site "Moehnesee"]
[Date "2005.08.21"]
[Round "6"]
[White "Vonhoff, Joerg"]
[Black "Georgi, Philip"]
[Result "0-1"]
[WhiteElo "1508"]
[BlackElo "1614"]
[PlyCount "98"]
[EventDate "2005.08.18"]
[EventType "swiss"]
[EventRounds "7"]
[EventCountry "GER"]
[SourceTitle "CBM 108 Extra"]
[Source "ChessBase"]
[SourceDate "2005.11.04"]
[SourceVersion "1"]
[SourceVersionDate "2005.11.04"]
[SourceQuality "1"]

1. e4 e6 2. d4 d5 3. Nd2 Nf6 4. e5 Nfd7 5. Bd3 c5 6. c3 Qb6 7. Ne2 Nc6 8. Nf3 cxd4 9. cxd4 Bb4+ 10. Bd2 0-0 11. 0-0 f6 12. exf6 Nxf6 13. Be3 Bd6 14. b3 Qc7 15. h3 Bd7 16. Rc1 Rac8 17. Nd2 Qb8 18. f4 Nh5 19. g3 Nb4 20. Bb1 Rxc1 21. Qxc1 Bb5 22. Rf2 Bxe2 23. Rxe2 Nxg3 24. Rg2 Bxf4 25. Qe1 Nh5 26. Nf3 Qd6 27. Ng5 h6 28. Nh7 Rc8 29. Bg6 Bxe3+ 30. Qxe3 Nf4 31. Rg4 Nxg6 32. Nf6+ Kf7 33. Nh5 Rc2 34. Ng3 Qf8 35. a3 Nc6 36. Rxg6 Kxg6 37. Qd3+ Kf7 38. Qxc2 Qxa3 39. Qf2+ Kg8 40. Qe3 Qa1+ 41. Kg2 Qb2+ 42. Ne2 Nxd4 43. Qxd4 Qxe2+ 44. Kg3 Qe1+ 45. Kh2 Qe4 46. Qxa7 Qc2+ 47. Kg1 Qxb3 48. Qb8+ Kh7 49. Qe5 Qxh3 0-1

[Event "Moehnesee Cup-B"]
[Site "Moehnesee"]
[Date "2005.08.20"]
[Round "5"]
[White "Georgi, Philip"]
[Black "Suliga, Eckhard"]
[Result "0-1"]
[WhiteElo "1614"]
[BlackElo "1725"]
[PlyCount "38"]
[EventDate "2005.08.18"]
[EventType "swiss"]
[EventRounds "7"]
[EventCountry "GER"]
[SourceTitle "CBM 108 Extra"]
[Source "ChessBase"]
[SourceDate "2005.11.04"]
[SourceVersion "1"]
[SourceVersionDate "2005.11.04"]
[SourceQuality "1"]

1. d4 Nf6 2. c4 e6 3. Nc3 Bb4 4. Bd2 c5 5. d5 0-0 6. f3 exd5 7. cxd5 d6 8. e4 Re8 9. Bc4 Nbd7 10. Nge2 Ne5 11. b3 Bd7 12. 0-0 a6 13. a4 Rb8 14. Bf4 Qc7 15. Qc2 b5 16. axb5 axb5 17. Bxe5 dxe5 18. Bd3 c4 19. Nxb5 Qb6+ 0-1

[Event "Moehnesee Cup-B"]
[Site "Moehnesee"]
[Date "2005.08.19"]
[Round "3"]
[White "Georgi, Philip"]
[Black "Hoefling, Otmar"]
[Result "1/2-1/2"]
[WhiteElo "1614"]
[BlackElo "1676"]
[PlyCount "79"]
[EventDate "2005.08.18"]
[EventType "swiss"]
[EventRounds "7"]
[EventCountry "GER"]
[SourceTitle "CBM 108 Extra"]
[Source "ChessBase"]
[SourceDate "2005.11.04"]
[SourceVersion "1"]
[SourceVersionDate "2005.11.04"]
[SourceQuality "1"]

1. d4 d5 2. c4 c6 3. Nc3 e6 4. Nf3 Nf6 5. e3 Be7 6. Bd2 0-0 7. Bd3 dxc4 8. Bxc4 b6 9. 0-0 Bb7 10. Ne2 Ne4 11. Qc2 Nxd2 12. Nxd2 Nd7 13. Rfd1 Bd6 14. Ne4 Bc7 15. Rac1 Rc8 16. Qb1 Qe7 17. N2g3 Bb8 18. Be2 c5 19. Bf3 Bxe4 20. Nxe4 cxd4 21. Rxd4 Rxc1+ 22. Qxc1 e5 23. Rc4 f5 24. Ng3 e4 25. Bd1 Nc5 26. b4 Nd3 27. Qb1 b5 28. Rd4 g6 29. Rd5 a6 30. Bb3 Kg7 31. a3 Rc8 32. Ne2 Bxh2+ 33. Kf1 Be5 34. f4 exf3 35. Qxd3 fxe2+ 36. Kxe2 Qf6 37. Rd7+ Kh6 38. Rxh7+ Kxh7 39. Qd7+ Kh6 40. Qxc8 1/2-1/2

[Event "Moehnesee Cup-B"]
[Site "Moehnesee"]
[Date "2005.08.19"]
[Round "2"]
[White "Meyer, Bettina"]
[Black "Georgi, Philip"]
[Result "0-1"]
[WhiteElo "1742"]
[BlackElo "1614"]
[PlyCount "104"]
[EventDate "2005.08.18"]
[EventType "swiss"]
[EventRounds "7"]
[EventCountry "GER"]
[SourceTitle "CBM 108 Extra"]
[Source "ChessBase"]
[SourceDate "2005.11.04"]
[SourceVersion "1"]
[SourceVersionDate "2005.11.04"]
[SourceQuality "1"]

1. d4 d5 2. c4 e6 3. Nc3 Nf6 4. cxd5 exd5 5. Bg5 c6 6. e3 Bf5 7. Bd3 Bxd3 8. Qxd3 Be7 9. Nge2 Nbd7 10. 0-0 0-0 11. f3 Re8 12. Rae1 Qb6 13. Qc2 h6 14. Bh4 Ng4 15. Bf2 Nxf2 16. Rxf2 Bg5 17. f4 Bf6 18. Qd2 Re6 19. Rf3 Rae8 20. Ref1 Qb4 21. Nc1 Rxe3 22. Nb3 Rxf3 23. Rxf3 Qe7 24. Kf2 Nb6 25. Re3 Qxe3+ 26. Qxe3 Rxe3 27. Kxe3 Nc4+ 28. Ke2 Nxb2 29. g4 Nc4 30. Kd3 b6 31. Ne2 Kf8 32. Ng1 g5 33. f5 Ke7 34. Nf3 Kd6 35. Ne1 c5 36. Nc2 a6 37. h3 a5 38. Nc1 Nb2+ 39. Kc3 Nd1+ 40. Kd2 Nf2 41. Ne2 Nxh3 42. Ke3 Nf4 43. dxc5+ bxc5 44. Nxf4 gxf4+ 45. Kxf4 Bg5+ 46. Kf3 f6 47. Na3 Kc6 48. Ke2 c4 49. Nc2 Kc5 50. a3 d4 51. Ne1 d3+ 52. Kd1 Kd4 0-1